Metabolomics: a powerful tool in systems biology
Saved in:
| Main Authors: | , |
|---|---|
| Format: | Bog |
| Sprog: | engelsk |
| Udgivet: |
Berlín
Springer
2007
|
| Serier: | Topics in Current Genetics, 18
|
| Fag: | |
| Tags: |
Tilføj Tag
Ingen Tags, Vær først til at tagge denne postø!
|
MARC
| LEADER | 00000nam a2200000 a 4500 | ||
|---|---|---|---|
| 001 | UCH0051 | ||
| 003 | CL-VaPUC | ||
| 008 | 090108e20070000GW |||||||||||||||||eng|d | ||
| 020 | |a 9783540747192 | ||
| 082 | 0 | 4 | |a 576.5 |b NIE |2 21 |
| 100 | |a Nielsen, Jens |e author |9 578653 | ||
| 700 | 0 | |a Jewett, Michael C |e author |9 534143 | |
| 245 | 1 | 0 | |a Metabolomics: a powerful tool in systems biology |
| 300 | |a 284 p | ||
| 942 | |c BK | ||
| 945 | |d 20090108 00:00:00 |a rbrito | ||
| 260 | |a Berlín |b Springer |c 2007 | ||
| 650 | 0 | |a Genética |9 259443 | |
| 650 | 0 | |a Metabolismo |9 259893 | |
| 650 | 7 | |a SISTEMA BIOLOGICO |2 CL-VaPUC |9 534144 | |
| 650 | 0 | |a Ingeniería bioquímica |9 260241 | |
| 583 | |a last modification |c 20121217 11:12:32 |k Rodrigo Vera | ||
| 490 | 0 | |a Topics in Current Genetics, 18 | |
| 999 | |c 332456 |d 332454 | ||
| 952 | |0 0 |1 0 |4 0 |6 576_500000000000000_NIE_2007 |7 0 |8 A |9 420169 |a BIBING |b BIBING |d 2019-11-22 |i 4511573 |o 576.5 NIE 2007 |p 4511573 |r 2025-01-20 |w 2019-11-22 |y BK |k EIB | ||